000 00914nam a2200205Ii 4500
003 JO-AjNU
008 230605s9999||||xx |||||||||||||| ||und||
017 _a2017/7/3623
040 _aJO-AjNU
_bara
_erda
_cJO-AjNU
041 _aara
050 1 4 _aDS154.5.M873 2017
100 3 _aالمقصقص، خالد صالح عبد الغني,
_eauthor
_963378
245 0 0 _aقضايا الحدودالأردنية السعودية في الوثائق البريطانية(1946-1921م): دراسة تاريخية تحليلية
264 3 1 _aعمان: امنة للنشر والتوزيع، 2017
300 _a652ص
_bيحتوي على ملحقات من ص557-585ومراجع منص587-645
336 _atext
_btxt
_2rdacontent
337 _aunmediated
_bn
_2rdamedia
338 _avolume
_bnc
_2rdacarrier
650 4 _aالحدود-الأردن-السعودية - الوثائق البريطانية 1946-1921م
_963379
999 _aA28744
_c32312
_d32312